The Theory of Committees and Elections /

Bibliographic Details
Main Author: Black, Duncan
Corporate Author: SpringerLink (Online service)
Format: eBook
Language:English
Published: Dordrecht : Springer Netherlands, 1986.
Subjects:
Online Access:Connect to the full text of this electronic book

MARC

Tag First Indicator Second Indicator Subfields
LEADER 00000cam a2200000Mi 4500
001 in00003561021
006 m o d
007 cr mnu---uuaaa
008 121227s1986 ne o 000 0 eng
005 20260420201257.3
020 |a 9789400942257 (electronic bk.) 
020 |a 9400942257 (electronic bk.) 
020 |z 9789401083751 
020 |z 9401083754 
035 |a (OCoLC)851382489 
040 |a AU@  |b eng  |c AU@  |d OCLCQ  |d GW5XE  |d OCLCF  |d UtOrBLW 
049 |a TXAM 
050 4 |a JA1-92 
072 7 |a JPA  |2 bicssc 
072 7 |a POL000000  |2 bisacsh 
082 0 4 |a 320  |2 23 
100 1 |a Black, Duncan. 
245 1 4 |a The Theory of Committees and Elections /  |c by Duncan Black. 
264 1 |a Dordrecht :  |b Springer Netherlands,  |c 1986. 
300 |a 1 online resource (260 pages) 
336 |a text  |b txt  |2 rdacontent 
337 |a computer  |b c  |2 rdamedia 
338 |a online resource  |b cr  |2 rdacarrier 
500 |a Electronic resource. 
650 0 |a Social sciences. 
650 0 |a Finance. 
650 7 |a Finance.  |2 fast  |0 (OCoLC)fst00924349 
650 7 |a Social sciences.  |2 fast  |0 (OCoLC)fst01122877 
655 7 |a Electronic books.  |2 local 
710 2 |a SpringerLink (Online service) 
776 1 8 |i Print version:  |z 9789401083751 
856 4 0 |u http://proxy.library.tamu.edu/login?url=https://link.springer.com/10.1007/978-94-009-4225-7  |z Connect to the full text of this electronic book  |t 0 
994 |a 92  |b TXA 
999 |a MARS 
999 f f |s acb7cca0-f371-3756-975e-408463959a37  |i 34a3ec77-d9cd-3c31-a208-90dcc31ce756  |t 0 
952 f f |a Texas A&M University  |b College Station  |c Electronic Resources  |s www_evans  |d Available Online  |t 0  |e JA1-92  |h Library of Congress classification 
998 f f |a JA1-92  |t 0  |l Available Online